000 00624nam a2200229 a 4500
999 _c1841
_d1841
001 1841
003 BD-JhCC
005 20171030085947.0
008 171025s2010 bg a|||| || | 001 0 eng d
020 _a9789843326479
035 _a(BD-JhCC)1841
040 _aBD-JhCC
_dBD-JhCC
041 _aeng
082 _a338.47915492
_bCHO 2010
100 _aChowdhuray, ASM Manzur Morshed
245 _aTourism In Bangladesh /
_cASM Manzur Morshed Chowdhuray,
260 _aDhaka :
_bTermpera Printers & Colour Ltd.
_c2010
300 _a462 p. :
_c24 cm.
650 _aTourism
_zBangladesh
942 _2ddc
_cBK